Sports Quiz

Random Sports or World Quiz

England rugby union squad 1995 World Cup Quiz Stats

 Plays Quiz not verified by Sporcle

Also try: Rugby Positions
Challenge
Share
Tweet
Embed
Score 0/26 Timer 12:00
0 Plays Today
name % Correct
Will Carling
94.8%
Tony Underwood
92.6%
Rory Underwood
92.6%
Martin Johnson
92.2%
Jeremy Guscott
89.3%
Rob Andrew
85.9%
Jason Leonard
85.9%
Mike Catt
80.4%
Brian Moore
80.4%
Neil Back
69.6%
Dean Richards
67.4%
Martin Bayfield
62.6%
Victor Ubogu
61.5%
name % Correct
Tim Rodber
60.7%
Dewi Morris
57.8%
Kyran Bracken
57%
Ben Clarke
53%
Graham Rowntree
50%
Steve Ojomoh
30%
Richard West
29.6%
Jonathan Callard
28.1%
Graham Dawe
23.7%
Phil de Glanville
20.4%
Ian Hunter
19.6%
Damian Hopley
14.4%
John Mallett
13.7%

You're not logged in!

Compare scores with friends on all Sporcle quizzes.
OR
Log In

You Might Also Like...

Show Comments

Extras

Top Quizzes Today


Score Distribution

Your Account Isn't Verified!

In order to create a playlist on Sporcle, you need to verify the email address you used during registration. Go to your Sporcle Settings to finish the process.

Report this User

Report this user for behavior that violates our Community Guidelines.

Details: